| 000 | 00000nam##2200000za#4500 |
| 001 | 9.676558 |
| 003 | CaOODSP |
| 005 | 20250403105609 |
| 007 | cr ||||||||||| |
| 008 | 150407|1988||||xxc|||||o f|0| 0 fre|d |
| 040 | |aCaOODSP|bfre |
| 041 | |aeng |
| 041 | |afre |
| 043 | |an-cn--- |
| 086 | 1 |aCS94-133/1988-PDF |
| 245 | 00|aCirconscriptions électorales fédérales - ordonnance de représentation de 1987 : partie 1 |h[ressource électronique] |
| 246 | 1 |iDeuxième titre de série imprimé sur la couverture : |aProfils |
| 260 | |aOttawa - Ontario : |bStatistique Canada |c1988. |
| 590 | |a13-07-Supp|b2013-03-25 |
| 691 | 07|aRecensement|2gcpds |
| 710 | 2 |aStatistique Canada. |
| 791 | |tFederal electoral districts - 1987 representation order : part 1 |eeng|w(CaOODSP)9.676557 |
| 856 | 40|ahttp://publications.gc.ca|qPDF|s12.2 Mo|uhttps://publications.gc.ca/collections/collection_2013/statcan/rh-hc/CS94-133-1988.pdf |